Paano tumutula ang isang ina : (Record no. 14583)

MARC details
000 -LEADER
fixed length control field 00625nam a2200193 a 4500
003 - CONTROL NUMBER IDENTIFIER
control field PILC
005 - DATE AND TIME OF LATEST TRANSACTION
control field 20160426194247.0
008 - FIXED-LENGTH DATA ELEMENTS--GENERAL INFORMATION
fixed length control field 041018s2000 xx 00 eng d
010 ## - LIBRARY OF CONGRESS CONTROL NUMBER
LC control number Acc#33648
020 ## - INTERNATIONAL STANDARD BOOK NUMBER
International Standard Book Number 9715553354
040 ## - CATALOGING SOURCE
Transcribing agency Philippine Baptist Theological Seminary
050 ## - LIBRARY OF CONGRESS CALL NUMBER
Classification number Fil PL 6165.4
Item number R825 2000
100 10 - MAIN ENTRY--PERSONAL NAME
Personal name Rubin, Ligaya Tiamson
245 10 - TITLE STATEMENT
Title Paano tumutula ang isang ina :
Remainder of title tula ng buhay at bayan /
Statement of responsibility, etc. Ligaya Tiamson-Rubin.
260 0# - PUBLICATION, DISTRIBUTION, ETC (IMPRINT)
Place of publication, distribution, etc. Manila, Phils :
Name of publisher, distributor, etc. De La Salle University Press, Inc,
Date of publication, distribution, etc. c2000.
300 ## - PHYSICAL DESCRIPTION
Extent 179 p. : 23 cm. - Tagalog Text
650 #4 - SUBJECT ADDED ENTRY--TOPICAL TERM
Topical term or geographic name as entry element PARENTING
General subdivision PHILIPPINES
942 ## - ADDED ENTRY ELEMENTS (KOHA)
Koha item type Circulation Books
Source of classification or shelving scheme Library of Congress Classification
Holdings
Withdrawn status Lost status Source of classification or shelving scheme Damaged status Not for loan Home library Current library Shelving location Date acquired Source of acquisition Total Checkouts Full call number Barcode Date last seen Price effective from Koha item type
    Dewey Decimal Classification     PBTS Library PBTS Library Filipiniana Section 10/18/2004 Gift   Fil PL 6165.4 R825 2000 33648 02/04/2026 04/02/2015 Circulation Books

Philippine Baptist Theological Seminary | 19 Tacay Road, Central Guisad, Baguio City 2600, Philippines